000 01234nam a2200229Ia 4500
001 L193-1811
003 IT-CnALBA
008 170116s9999||||xx |||||||||||||| ||und||
040 _aIT-CnALBA
_cIT-CnALBA
041 _aITALIANO
100 _aKANT EMANUELE
245 0 _aFONDAZIONE (LA) DELLA METAFISICA DEI COSTUMI.
250 _a1a ed.
260 _a BRESCIA
_bLA SCUOLA, SOCIETÀ EDITRICE
_c1938 [1° Ed.:1938 - Ed.Ling.Originale: 1938]
300 _a292 p. (prefazione: 7)
500 _aTRADUZIONE INTRODUZIONE E NOTE DI PAOLO ROTA. SOLUZIONE KANTIANA DEL PROBLEMA CRITCO IN RAPPORTO ALLA CONOSCENZA E ALLA MORALE. PROBLEMA MORALE IN KANT. KANT E IL CRISTIANESIMO. AUTONOMIA DELLA VOLONTÀ IN KANT. LA FONDAZIONE DELLA METAFISICA DEI COSTUMI.
501 _aSocietà San Paolo EM - Piazza San Paolo, 14 - 12051 ALBA (CN) (non commercial uses only) ® Copyright 2017
520 _aTRADUZIONE INTRODUZIONE E NOTE DI PAOLO ROTA. SOLUZIONE KANTIANA DEL PROBLEMA CRITCO IN RAPPORTO ALLA CONOSCENZA E ALLA MORALE. PROBLEMA MORALE IN KANT. KANT E IL CRISTIANESIMO. AUTONOMIA DELLA VOLONTÀ IN KANT. LA FONDAZIONE DELLA METAFISICA DEI COSTUMI.
650 _aFILOSOFIA TEDESCO-AUSTRIACA
942 _cBK
957 _71
999 _a2792
_bSI
_g Copie: 1
_c261029
_d261029